015530000a22003490004500003001100000008004100011040003900052041000800091245004500099260005900144300001000203650006400213650001100277650000900288650002500297650003100322650003700353650037100390650002100761650004600782650004200828650001600870650002900886650005400915650003200969650005401001650001301055700002201068942000701090952009101097999001501188LK-CoMWRAF230817t ||||| |||| 00| 0 eng d aLK-CoMWRAFdLK-CoMWRAFeLK-CoMWRAF aeng aFinland's Development Cooperation 2003b bMinistry for Foreign Affairs of FinlandaFinlandc2004 ap.205 aAchieving the objectives of finnish development cooperation aAfrica aAsia aConcessional credits aEC development cooperation aEvaluation and internal auditing aFinland'a long-term partner countries - Ethiopia, Kenya, Mozambique, Namibia, Zambia, Burkina Faso, South Africa, Malawi, Egypt, Nepal, Vietnam, Laos, Cambodia, Afghanistan, Philippines, East Timor, Indonesia, China, Kyrgzstan, Nicaragua, Peru, Bolivia, Brazil, Costa Rica, Guatemala, Honduras, Albania, Bosnia - Herzegovina, Macedonia, Kosovo, Serbia and Montenegro aHumanitarian aid aImplementation of development cooperation aIndustrial and commercial cooperation aMiddle East aMultilateral cooperation aNew Development Policy puts Emphasis on coherence aNGO development cooperation aPersonal Assistance and International recruitment aResearch aMassa,, Satueed. cBK 00104070aMAINbMAINd2023-08-17l0o 327.3 FINpRAF4495r2023-08-17w2023-08-17yBK c2410d2410